Krídla fantázie. /Verne, Jules./

Bibliographic Details
Main Author: Puterák, Jozef (Author)
Other Authors: Cesnak, Jozef, 1936-2021 (gup)
Format: Article
Language:Slovak
PhysicalDescription:Fot. 1.
Subjects:

MARC

LEADER 00000nab a2200000 a 4500
001 vtls000035698
003 SK-MaSNL
005 20260303165403.0
008 111103c1979 xo 0 slo
015 |a SNBRB19rr/mm-uuuuu 
035 |a CL0045793 
040 |a SNKBUCL  |b slo  |c SNKBUCL  |e AACR2 
041 0 |a slo 
044 |a xo  |c SK 
080 |a 82(091):840"18":92  |2 1981 
080 |a 840"18"  |2 1981 
080 |a 840(091)"19"  |2 1981 
080 |a 92 Verne, Jules  |2 1981 
100 1 |a Puterák, Jozef  |4 aut  |9 352153 
245 1 0 |a Krídla fantázie. /Verne, Jules./  |c J. Puterák ; Jozef Cesnak 
300 |b Fot. 1. 
500 |a V rubrike Život píše romány. 
600 1 7 |a Verne, Jules,  |d 1828-1905  |2 snkbucl  |9 221838 
655 7 |a články z novín a časopisov  |2 snkbucl  |9 267496 
655 7 |a články z odboru literárna veda a krásna literatúra  |2 snkbucl  |9 770045 
700 1 |a Cesnak, Jozef,  |d 1936-2021  |4 gup  |9 218934 
773 0 |t Nedeľná Pravda  |g Roč. 12, č. 28 (1979), s. 8 
850 |a Slovenská národná knižnica v Martine  |a MTA001 
852 |a SNK  |b KIS3GCP 
958 |a RK 
958 |a LX 
992 |a RBX 
999 |c 2071413  |d 2073343